000 00414nam a22001457a 4500
020 _a0-471-09875-2
082 _a621.381537 HIL'I
100 _aPETERSON, G. R,HILL, F. J
_965505
245 _aINTRODUCTION TO SWITCHING THEORY AND LOGICAL DESIGN
250 _a3RD
260 _aNEWYORK
_bJOHN WILEY
_c1981
300 _a617P
650 _aSWITCHING CIRCUITS DIGITAL ELECTRONICS LOGIC DESIGN
_974160
942 _cBK
999 _c579723
_d579723